<?xml version="1.0" encoding="UTF-8"?><?xml-stylesheet type="text/xsl" href="static/style.xsl"?><OAI-PMH xmlns="http://www.openarchives.org/OAI/2.0/" xmlns:xsi="http://www.w3.org/2001/XMLSchema-instance" xsi:schemaLocation="http://www.openarchives.org/OAI/2.0/ http://www.openarchives.org/OAI/2.0/OAI-PMH.xsd"><responseDate>2026-06-01T14:39:30Z</responseDate><request verb="GetRecord" identifier="oai:riuma.uma.es:10630/8518" metadataPrefix="marc">https://riuma.uma.es/rest/oai/request</request><GetRecord><record><header><identifier>oai:riuma.uma.es:10630/8518</identifier><datestamp>2026-02-03T10:56:43Z</datestamp><setSpec>com_10630_2254</setSpec><setSpec>col_10630_37953</setSpec></header><metadata><record xmlns="http://www.loc.gov/MARC21/slim" xmlns:dcterms="http://purl.org/dc/terms/" xmlns:doc="http://www.lyncode.com/xoai" xmlns:xsi="http://www.w3.org/2001/XMLSchema-instance" xsi:schemaLocation="http://www.loc.gov/MARC21/slim http://www.loc.gov/standards/marcxml/schema/MARC21slim.xsd">
   <leader>00925njm 22002777a 4500</leader>
   <datafield ind2=" " ind1=" " tag="042">
      <subfield code="a">dc</subfield>
   </datafield>
   <datafield ind2=" " ind1=" " tag="720">
      <subfield code="a">Blanco-Sepúlveda, Rafael</subfield>
      <subfield code="e">author</subfield>
   </datafield>
   <datafield ind2=" " ind1=" " tag="720">
      <subfield code="a">Aguilar-Carrillo, Amílcar</subfield>
      <subfield code="e">author</subfield>
   </datafield>
   <datafield ind2=" " ind1=" " tag="260">
      <subfield code="c">2014</subfield>
   </datafield>
   <datafield ind2=" " ind1=" " tag="520">
      <subfield code="a">La presión demográfica que soportan muchas áreas de montaña de Centroamérica ha alterado el sistema agrícola tradicional, que había logrado mantener desde tiempos ancestrales el frágil equilibrio medioambiental de estos espacios. Los cambios en los usos agrarios han provocado un aumento de la vulnerabilidad a la degradación y ha favorecido que la erosión hídrica del suelo sea actualmente uno de los principales problemas medioambientales de las montañas tropicales centroamericanas, donde se ha sustituido el bosque por los usos agropecuarios. Las escuelas de campo (ECA) es la metodología de trabajo que se va a utilizar para transmitir a los productores y productoras la gravedad de este proceso de degradación en sus fincas, así como las causas, consecuencias y las medidas de control. La puesta en marcha de esta metodología ha requerido, como paso previo a su constitución, una fase inicial de investigación en las áreas donde se van a implementar con el objetivo de analizar el estado erosivo y las pérdidas de suelo y determinar los factores de erodabilidad (ambientales y de manejo). Los resultados obtenidos indicaron que los sistemas agroforestales de café y cacao y la ganadería bovina extensiva fueron los usos del suelo con un control más efectivo de la erosión. Por el contrario, los cultivos que presentaron las tasas de erosión más elevadas fueron el maíz, el frijol y la arveja, desaconsejándose tan sólo este último. Los factores de erodabilidad fueron la cubierta vegetal, la pendiente y el sistema de cultivo, a partir de los cuales se han establecido las buenas (BPA) y malas (MPA) prácticas para cada uno de los cultivos, lo que permitirán controlar la erosión y mejorar la sostenibilidad medioambiental.</subfield>
   </datafield>
   <datafield ind1="8" ind2=" " tag="024">
      <subfield code="a">http://hdl.handle.net/10630/8518</subfield>
   </datafield>
   <datafield ind1="8" ind2=" " tag="024">
      <subfield code="a">http://orcid.org/0000-0001-6537-4482</subfield>
   </datafield>
   <datafield tag="653" ind2=" " ind1=" ">
      <subfield code="a">Erosión</subfield>
   </datafield>
   <datafield ind2="0" ind1="0" tag="245">
      <subfield code="a">Sensibilizar sobre el problema de la erosión en fincas agrícolas y ganaderas de montaña en Centroamérica: resultados de la fase de investigación</subfield>
   </datafield>
</record>
</metadata></record></GetRecord></OAI-PMH>